[Event "Scarborough CC Howard Ridout U1800"]
[Site "Toronto CAN"]
[Date "2011.10.27"]
[Round "6"]
[White "Jimenez, Michael"]
[Black "Mesiti, Silvano"]
[Result "0-1"]
[WhiteElo "799"]
[BlackElo "1667"]
[PlyCount "76"]
[GameId "2160767909648763"]
[EventDate "2011.09.08"]
[EventType "swiss"]
[EventRounds "6"]
[EventCountry "CAN"]
[SourceTitle "EXT 2022"]
[Source "ChessBase"]
[SourceDate "2021.10.06"]
[SourceVersion "1"]
[SourceVersionDate "2021.10.06"]
[SourceQuality "1"]

1. e4 e5 2. Nf3 d6 3. Nc3 Nf6 4. d3 Nc6 5. Bg5 Be7 6. h3 Bd7 7. Be2 O-O 8. O-O a6 9. d4 exd4 10. Nxd4 Nxe4 11. Bd2 Nxd2 12. Qxd2 Nxd4 13. Qxd4 Bf6 14. Qd3 Qc8 15. Nd5 Qd8 16. c3 c6 17. Ne3 d5 18. Rad1 Qb6 19. Rb1 Be6 20. Rfe1 g6 21. Ng4 Bg7 22. Bf3 Bf5 23. Qd2 Bxb1 24. Rxb1 Rae8 25. Re1 Rxe1+ 26. Qxe1 Qxb2 27. Qe2 Qxe2 28. Bxe2 Bxc3 29. Nh6+ Kg7 30. Ng4 Re8 31. Bf3 Re1+ 32. Kh2 d4 33. Ne3 dxe3 34. fxe3 Rxe3 35. Kg1 Bd4 36. Kf1 Ra3 37. Ke2 Rxa2+ 38. Kd3 Bf6 0-1

[Event "Scarborough CC Howard Ridout U1800"]
[Site "Toronto CAN"]
[Date "2011.10.27"]
[Round "6"]
[White "Joshi, Arjavkumar"]
[Black "Guo, Thomas"]
[Result "1-0"]
[WhiteElo "1284"]
[BlackElo "1011"]
[PlyCount "77"]
[GameId "2160767909648764"]
[EventDate "2011.09.08"]
[EventType "swiss"]
[EventRounds "6"]
[EventCountry "CAN"]
[SourceTitle "EXT 2022"]
[Source "ChessBase"]
[SourceDate "2021.10.06"]
[SourceVersion "1"]
[SourceVersionDate "2021.10.06"]
[SourceQuality "1"]

1. e4 e5 2. f4 f6 3. Nf3 Nc6 4. Bc4 Nge7 5. b3 d5 6. exd5 Nxd5 7. fxe5 Nxe5 8. Nxe5 fxe5 9. O-O Bc5+ 10. Kh1 Nf4 11. Rxf4 exf4 12. Qh5+ g6 13. Qxc5 Qe7 14. Qxe7+ Kxe7 15. Nc3 Re8 16. Bb2 Kd6 17. d3 a6 18. Ne4+ Kc6 19. b4 b5 20. Bb3 Bf5 21. Re1 Rad8 22. Kg1 Bxe4 23. dxe4 Rd6 24. e5 Rd7 25. e6 Rd6 26. a4 g5 27. Kf2 Rd2+ 28. Re2 Rxe2+ 29. Kxe2 Kb7 30. axb5 axb5 31. Bf6 h6 32. e7 Kc8 33. Be6+ Kb7 34. Bf7 Kc8 35. Bxe8 h5 36. Bxh5 g4 37. e8=Q+ Kb7 38. Qxb5+ Kc8 39. Bxg4# 1-0

[Event "Scarborough CC Howard Ridout U1800"]
[Site "Toronto CAN"]
[Date "2011.10.27"]
[Round "6"]
[White "Kurkowski, Ken"]
[Black "Termeer, Ted"]
[Result "1-0"]
[WhiteElo "1601"]
[BlackElo "1387"]
[PlyCount "61"]
[GameId "2160767909648765"]
[EventDate "2011.09.08"]
[EventType "swiss"]
[EventRounds "6"]
[EventCountry "CAN"]
[SourceTitle "EXT 2022"]
[Source "ChessBase"]
[SourceDate "2021.10.06"]
[SourceVersion "1"]
[SourceVersionDate "2021.10.06"]
[SourceQuality "1"]

1. d4 d5 2. c4 dxc4 3. Nf3 Nc6 4. e3 Bf5 5. Bxc4 e6 6. O-O Bd6 7. Nc3 a6 8. Re1 Nf6 9. e4 Bg4 10. e5 Bxe5 11. dxe5 Qxd1 12. Nxd1 Nd7 13. Bf4 O-O-O 14. Rc1 h6 15. Bxa6 Bxf3 16. gxf3 Nd4 17. Be2 g5 18. Bg3 h5 19. h3 Rdg8 20. Rc4 c5 21. Ne3 Kd8 22. Ra4 Kc7 23. Nc4 Nb6 24. Nxb6 Kxb6 25. Kf1 Rd8 26. Rc1 Rd7 27. b4 cxb4 28. Rxb4+ Ka7 29. Ra4+ Kb8 30. Rc3 Rhd8 31. Rca3 1-0

[Event "Scarborough CC Howard Ridout U1800"]
[Site "Toronto CAN"]
[Date "2011.10.27"]
[Round "6"]
[White "Li, Michael"]
[Black "Karpik, Steve"]
[Result "0-1"]
[WhiteElo "1445"]
[BlackElo "1425"]
[PlyCount "98"]
[GameId "2160767909648766"]
[EventDate "2011.09.08"]
[EventType "swiss"]
[EventRounds "6"]
[EventCountry "CAN"]
[SourceTitle "EXT 2022"]
[Source "ChessBase"]
[SourceDate "2021.10.06"]
[SourceVersion "1"]
[SourceVersionDate "2021.10.06"]
[SourceQuality "1"]

1. e4 d6 2. d4 Nf6 3. Nc3 g6 4. Nf3 Bg7 5. Bc4 O-O 6. O-O a6 7. a4 Bd7 8. Bf4 Nc6 9. Qd2 Kh8 10. h3 Qc8 11. Rfe1 Nh5 12. Be3 e6 13. Be2 e5 14. d5 Ne7 15. Nb1 f5 16. exf5 Nxf5 17. g4 Nxe3 18. gxh5 Bxh3 19. Nxe5 Bxe5 20. Qxe3 Bf5 21. Nc3 Qd8 22. f4 Bxc3 23. Qxc3+ Qf6 24. Ra3 Rae8 25. Kf2 Kg8 26. Qxf6 Rxf6 27. Rc3 Rf7 28. hxg6 Bxg6 29. Kg3 Re4 30. Rc4 Rfxf4 31. Rxc7 Rf7 32. Rc4 Re3+ 33. Kg2 Be4+ 34. Rxe4 Rxe4 35. b3 h5 36. Kg3 h4+ 37. Kg2 Rg7+ 38. Kf3 Re5 39. Kf2 h3 40. Rh1 Rg2+ 41. Kf3 Rexe2 42. Rxh3 Rxc2 43. Rh6 Rg7 44. Rxd6 Rc3+ 45. Ke4 Re7+ 46. Kd4 Rxb3 47. Kc4 Rb1 48. Rf6 b5+ 49. axb5 axb5+ 0-1

[Event "Scarborough CC Howard Ridout U1800"]
[Site "Toronto CAN"]
[Date "2011.10.27"]
[Round "6"]
[White "Liang, Phillip"]
[Black "Zhong, Joey"]
[Result "1-0"]
[WhiteElo "1376"]
[BlackElo "1313"]
[PlyCount "45"]
[GameId "2160767909648767"]
[EventDate "2011.09.08"]
[EventType "swiss"]
[EventRounds "6"]
[EventCountry "CAN"]
[SourceTitle "EXT 2022"]
[Source "ChessBase"]
[SourceDate "2021.10.06"]
[SourceVersion "1"]
[SourceVersionDate "2021.10.06"]
[SourceQuality "1"]

1. c4 Nf6 2. Nc3 e6 3. g3 d5 4. d4 c6 5. c5 Nbd7 6. Nf3 b6 7. cxb6 Qxb6 8. Bg2 c5 9. O-O cxd4 10. Nxd4 Bc5 11. Nb3 Bb7 12. Na4 Qc6 13. Naxc5 Nxc5 14. Be3 Nxb3 15. Qxb3 Qd7 16. Rac1 O-O 17. Rfd1 Ba6 18. Bf3 Bc4 19. Qa3 Qb5 20. Rc2 Qe8 21. Bc5 Nd7 22. Bxf8 Nxf8 23. e4 1-0

[Event "Scarborough CC Howard Ridout U1800"]
[Site "Toronto CAN"]
[Date "2011.10.27"]
[Round "6"]
[White "Maister, Martin"]
[Black "Zhao, Yanchun"]
[Result "1/2-1/2"]
[WhiteElo "1673"]
[BlackElo "1194"]
[PlyCount "140"]
[GameId "2160767909648769"]
[EventDate "2011.09.08"]
[EventType "swiss"]
[EventRounds "6"]
[EventCountry "CAN"]
[SourceTitle "EXT 2022"]
[Source "ChessBase"]
[SourceDate "2021.10.06"]
[SourceVersion "1"]
[SourceVersionDate "2021.10.06"]
[SourceQuality "1"]

1. e4 c5 2. Nf3 d6 3. d4 cxd4 4. c3 dxc3 5. Nxc3 Nf6 6. Bc4 e6 7. O-O Be7 8. Qe2 O-O 9. Rd1 Qb6 10. Be3 Qc6 11. Bb5 Qc7 12. Rac1 Nc6 13. Bxc6 bxc6 14. Nb5 Qd7 15. Ne5 Qb7 16. Nxc6 Nxe4 17. Nxe7+ Qxe7 18. f3 Nf6 19. Nxd6 Nd5 20. Bc5 Qd7 21. Nxc8 Rfxc8 22. a3 a6 23. b4 Qb5 24. Qe5 Re8 25. Bd4 f6 26. Qg3 Qe2 27. Qf2 Qxf2+ 28. Kxf2 Rac8 29. Bc5 Rc6 30. Re1 Nf4 31. Rcd1 e5 32. Be3 Ne6 33. a4 Rb8 34. Rb1 Rc4 35. Red1 Rcxb4 36. Rxb4 Rxb4 37. Rd6 Nd4 38. Bxd4 Rxd4 39. Rxa6 h5 40. h3 Kf7 41. Ra7+ Kg6 42. Ke3 Kh6 43. a5 Kg6 44. g3 Ra4 45. a6 h4 46. g4 f5 47. gxf5+ Kxf5 48. Ra8 Kg6 49. a7 Kg5 50. Kd3 Kg6 51. Kc3 Ra1 52. Kd3 Ra4 53. Kc3 Ra3+ 54. Kb4 Ra1 55. Kc5 Ra3 56. Kd5 Ra5+ 57. Ke6 Kg5 58. Kd6 Kg6 59. Kc6 Ra1 60. Kb6 Rb1+ 61. Kc5 Ra1 62. Kd5 Ra5+ 63. Ke4 Kg5 64. Ke3 Ra4 65. Kd3 Kg6 66. Kc3 Kg5 67. Kb3 Ra1 68. Kc4 Ra5 69. Kd3 Ra4 70. Ke3 Kg6 1/2-1/2

[Event "Scarborough CC Howard Ridout U1800"]
[Site "Toronto CAN"]
[Date "2011.10.27"]
[Round "6"]
[White "Maurer, Hans"]
[Black "Kaneshalingam, Mathanhe"]
[Result "0-1"]
[WhiteElo "1018"]
[BlackElo "955"]
[PlyCount "62"]
[GameId "2160767909648770"]
[EventDate "2011.09.08"]
[EventType "swiss"]
[EventRounds "6"]
[EventCountry "CAN"]
[SourceTitle "EXT 2022"]
[Source "ChessBase"]
[SourceDate "2021.10.06"]
[SourceVersion "1"]
[SourceVersionDate "2021.10.06"]
[SourceQuality "1"]

1. e4 c5 2. Nc3 Nc6 3. a3 e5 4. Nf3 Nf6 5. Bc4 Be7 6. d3 h6 7. O-O O-O 8. Nh4 Nxe4 9. Nxe4 Bxh4 10. Qg4 d5 11. Qf3 dxe4 12. Qxe4 Bg5 13. f4 exf4 14. Bxf4 Bxf4 15. Rxf4 Qd4+ 16. Kh1 Qxe4 17. Rxe4 Bd7 18. b4 cxb4 19. axb4 Nxb4 20. c3 Nc6 21. d4 Rac8 22. Bd3 Bf5 23. Re3 Bxd3 24. Rxd3 Rfe8 25. d5 Ne5 26. Re3 Nd7 27. Rae1 Rxe3 28. Rxe3 Kf8 29. d6 Re8 30. Rxe8+ Kxe8 31. h4 a5 0-1

[Event "Scarborough CC Howard Ridout U1800"]
[Site "Toronto CAN"]
[Date "2011.10.27"]
[Round "6"]
[White "Ming, Wenyang"]
[Black "Vojnov, Miomir"]
[Result "1-0"]
[WhiteElo "1182"]
[BlackElo "1633"]
[PlyCount "81"]
[GameId "2160767909648771"]
[EventDate "2011.09.08"]
[EventType "swiss"]
[EventRounds "6"]
[EventCountry "CAN"]
[SourceTitle "EXT 2022"]
[Source "ChessBase"]
[SourceDate "2021.10.06"]
[SourceVersion "1"]
[SourceVersionDate "2021.10.06"]
[SourceQuality "1"]

1. e4 e5 2. Nf3 Nc6 3. Bc4 Nf6 4. d3 h6 5. Nc3 a6 6. a3 b5 7. Bb3 Bc5 8. Nd5 d6 9. h3 Nd4 10. Nxd4 Bxd4 11. O-O Be6 12. Nxf6+ Qxf6 13. c3 Bb6 14. Be3 c5 15. a4 O-O 16. f4 exf4 17. Rxf4 Qg6 18. Rf3 f5 19. Bxe6+ Qxe6 20. exf5 Rxf5 21. Rxf5 Qxf5 22. axb5 a5 23. Qf1 Qe5 24. Qf4 Qxf4 25. Bxf4 c4+ 26. d4 d5 27. Re1 a4 28. Re6 Ba5 29. Ra6 Rxa6 30. bxa6 Bb6 31. Bb8 Kf7 32. a7 Bxa7 33. Bxa7 Ke6 34. Bb8 Kf5 35. Be5 g6 36. Kf2 Ke4 37. Ke2 h5 38. h4 Kf5 39. Kf3 g5 40. hxg5 Kxg5 41. g3 1-0

[Event "Scarborough CC Howard Ridout U1800"]
[Site "Toronto CAN"]
[Date "2011.10.27"]
[Round "6"]
[White "Philip, Andrew"]
[Black "Yie, Kevin Yi Xiao"]
[Result "1-0"]
[WhiteElo "1669"]
[BlackElo "1512"]
[PlyCount "115"]
[GameId "2160767909648772"]
[EventDate "2011.09.08"]
[EventType "swiss"]
[EventRounds "6"]
[EventCountry "CAN"]
[SourceTitle "EXT 2022"]
[Source "ChessBase"]
[SourceDate "2021.10.06"]
[SourceVersion "1"]
[SourceVersionDate "2021.10.06"]
[SourceQuality "1"]

1. d4 Nf6 2. Bg5 e6 3. e3 Be7 4. Bd3 O-O 5. Nf3 d5 6. O-O Nbd7 7. c4 dxc4 8. Bxc4 b6 9. Nc3 Bb7 10. Qe2 h6 11. Bh4 c5 12. Rfd1 Qc7 13. Bg3 Bd6 14. Nb5 Bxg3 15. Nxc7 Bxc7 16. Rac1 Rac8 17. dxc5 Nxc5 18. Nd4 Bb8 19. Nb5 Bc6 20. Nd4 Bb7 21. Nb3 Nxb3 22. Bxb3 Rxc1 23. Rxc1 Rd8 24. Rd1 Rc8 25. Bc4 Ba8 26. f3 Bc6 27. Ba6 Rf8 28. Qc2 Ba8 29. e4 Bf4 30. Qc3 Bb8 31. Rd3 Kh8 32. a4 Kg8 33. a5 bxa5 34. Qxa5 Bc6 35. Rd8 Bf4 36. Rxf8+ Kxf8 37. Qc5+ Kg8 38. Qxc6 Be3+ 39. Kf1 Bb6 40. e5 Nh7 41. Qe8+ Nf8 42. f4 g6 43. Ke2 Kg7 44. g4 Nh7 45. Bd3 Bd4 46. b3 Bg1 47. h3 Bd4 48. Bc4 Nf8 49. f5 Bxe5 50. fxe6 fxe6 51. Qe7+ Kg8 52. Bxe6+ Nxe6 53. Qxe6+ Kh7 54. Qxe5 g5 55. Qe7+ Kg6 56. Kf3 h5 57. gxh5+ Kxh5 58. Qh7# 1-0

[Event "Scarborough CC Howard Ridout U1800"]
[Site "Toronto CAN"]
[Date "2011.10.27"]
[Round "6"]
[White "Pishdad, Hassan"]
[Black "Raphael, Raymond"]
[Result "1/2-1/2"]
[WhiteElo "1338"]
[BlackElo "1715"]
[PlyCount "79"]
[GameId "2160767909648773"]
[EventDate "2011.09.08"]
[EventType "swiss"]
[EventRounds "6"]
[EventCountry "CAN"]
[SourceTitle "EXT 2022"]
[Source "ChessBase"]
[SourceDate "2021.10.06"]
[SourceVersion "1"]
[SourceVersionDate "2021.10.06"]
[SourceQuality "1"]

1. d4 Nf6 2. c4 d5 3. e3 g6 4. Nc3 e6 5. Bd3 Bg7 6. Nf3 O-O 7. O-O c6 8. Re1 Re8 9. h3 Qc7 10. cxd5 Nxd5 11. e4 Nxc3 12. bxc3 e5 13. Be3 Nd7 14. Bc4 Nb6 15. Bb3 Be6 16. d5 cxd5 17. Bxb6 Qxb6 18. exd5 Red8 19. Nxe5 Qc7 20. Qd4 f6 21. Nf3 Bf7 22. Rac1 Rac8 23. c4 b6 24. Ba4 Qd6 25. Bb3 Rc5 26. a4 Rdc8 27. Nd2 f5 28. Qe3 Kf8 29. Nf3 R5c7 30. Ne5 Re8 31. f4 Rce7 32. c5 bxc5 33. Qxc5 Qxc5+ 34. Rxc5 Bxe5 35. fxe5 Rxe5 36. Rxe5 Rxe5 37. Rc8+ Kg7 38. Rc7 Kf6 39. Rc6+ Kg5 40. Rd6 1/2-1/2

[Event "Scarborough CC Howard Ridout U1800"]
[Site "Toronto CAN"]
[Date "2011.10.27"]
[Round "6"]
[White "Roy, Harrison"]
[Black "Liao, Jacky"]
[Result "0-1"]
[WhiteElo "910"]
[BlackElo "1327"]
[PlyCount "30"]
[GameId "2160767909648774"]
[EventDate "2011.09.08"]
[EventType "swiss"]
[EventRounds "6"]
[EventCountry "CAN"]
[SourceTitle "EXT 2022"]
[Source "ChessBase"]
[SourceDate "2021.10.06"]
[SourceVersion "1"]
[SourceVersionDate "2021.10.06"]
[SourceQuality "1"]

1. e4 d6 2. d4 Nf6 3. Nc3 g6 4. Nf3 Bg7 5. Bc4 c5 6. e5 dxe5 7. Nxe5 O-O 8. Qd3 Bf5 9. Qf3 Qxd4 10. Bxf7+ Kh8 11. Be3 Qxe5 12. Qxb7 Be4 13. Nxe4 Nxe4 14. Qxa8 Rxf7 15. O-O-O Qxb2# 0-1

[Event "Scarborough CC Howard Ridout U1800"]
[Site "Toronto CAN"]
[Date "2011.10.27"]
[Round "6"]
[White "Roy, Lawrence"]
[Black "Mendrinos, Ari"]
[Result "0-1"]
[WhiteElo "1038"]
[BlackElo "1433"]
[PlyCount "51"]
[GameId "2160767909648775"]
[EventDate "2011.09.08"]
[EventType "swiss"]
[EventRounds "6"]
[EventCountry "CAN"]
[SourceTitle "EXT 2022"]
[Source "ChessBase"]
[SourceDate "2021.10.06"]
[SourceVersion "1"]
[SourceVersionDate "2021.10.06"]
[SourceQuality "1"]

1. e4 e6 2. d4 d5 3. exd5 exd5 4. Nf3 Nf6 5. Be2 Be7 6. O-O O-O 7. Re1 Re8 8. Nc3 a6 9. h3 Bb4 10. Bd2 Bxc3 11. Bxc3 Nbd7 12. a3 Ne4 13. Bd3 Nxc3 14. Rxe8+ Qxe8 15. bxc3 Nf6 16. c4 dxc4 17. Bxc4 Be6 18. Bxe6 Qxe6 19. c3 Re8 20. Qe1 Qc4 21. Qd2 Re2 22. Qd1 Ra2 23. Rxa2 Qxa2 24. Qa4 Qa1+ 25. Kh2 Qxc3 26. d5 0-1

[Event "Scarborough CC Howard Ridout U1800"]
[Site "Toronto CAN"]
[Date "2011.10.27"]
[Round "6"]
[White "Vyravanathan, Sobiga"]
[Black "Radpey, Abdolreza"]
[Result "1/2-1/2"]
[WhiteElo "1388"]
[BlackElo "1650"]
[PlyCount "120"]
[GameId "2160767909648777"]
[EventDate "2011.09.08"]
[EventType "swiss"]
[EventRounds "6"]
[EventCountry "CAN"]
[SourceTitle "EXT 2022"]
[Source "ChessBase"]
[SourceDate "2021.10.06"]
[SourceVersion "1"]
[SourceVersionDate "2021.10.06"]
[SourceQuality "1"]

1. e4 e6 2. d4 d5 3. exd5 exd5 4. Nf3 Nc6 5. Be2 Bd6 6. Nc3 Nf6 7. Bg5 Be7 8. O-O Be6 9. Re1 h6 10. Bh4 g5 11. Bg3 Nh5 12. Be5 O-O 13. Nxg5 Bxg5 14. Bxh5 Nxe5 15. dxe5 c6 16. Bg4 f5 17. exf6 Bxg4 18. Qxg4 Qxf6 19. h4 Qxf2+ 20. Kh1 Qxh4+ 21. Qxh4 Bxh4 22. Re6 Bg5 23. Na4 Rf2 24. c3 Raf8 25. b3 Rc2 26. Rd6 Rff2 27. Rg1 Rxa2 28. Rd7 Rf4 29. Kh2 Rh4+ 30. Kg3 Re2 31. Rf1 Ree4 32. Rf3 h5 33. Rxb7 Rhg4+ 34. Kf2 Bd2 35. Rb8+ Kg7 36. Rb7+ Kg6 37. Rc7 Be1+ 38. Kf1 Rh4 39. Rxc6+ Kg5 40. Rh3 Rhf4+ 41. Rf3 Rxf3+ 42. gxf3 Re5 43. Ra6 Kf4 44. Rxa7 Kxf3 45. Rf7+ Kg4 46. b4 Bg3 47. b5 Kh3 48. Kg1 Rg5 49. Kf1 h4 50. b6 Kh2 51. b7 Re5 52. Rf2+ Bxf2 53. b8=Q Bg3 54. Qb2+ Kh3 55. Qg2+ Kg4 56. Qd2 Re1+ 57. Qxe1 Bxe1 58. Kxe1 Kg3 59. Nc5 Kg2 60. Nd3 Kf3 1/2-1/2

[Event "Scarborough CC Howard Ridout U1800"]
[Site "Toronto CAN"]
[Date "2011.10.27"]
[Round "6"]
[White "Wang, Eric1"]
[Black "Li, Robert"]
[Result "1-0"]
[WhiteElo "1455"]
[BlackElo "1355"]
[PlyCount "120"]
[GameId "2160767909648778"]
[EventDate "2011.09.08"]
[EventType "swiss"]
[EventRounds "6"]
[EventCountry "CAN"]
[SourceTitle "EXT 2022"]
[Source "ChessBase"]
[SourceDate "2021.10.06"]
[SourceVersion "1"]
[SourceVersionDate "2021.10.06"]
[SourceQuality "1"]

1. d4 Nf6 2. c4 g6 3. Nc3 Bg7 4. e4 d6 5. Nf3 O-O 6. Be2 Nc6 7. O-O e5 8. d5 Ne7 9. Ne1 Ne8 10. Be3 f5 11. f3 Nf6 12. Rc1 f4 13. Bf2 b6 14. b4 a5 15. a3 Bd7 16. c5 Rc8 17. Nb5 Bxb5 18. Bxb5 axb4 19. axb4 g5 20. Be2 Kh8 21. Nd3 Rg8 22. cxb6 cxb6 23. Rxc8 Nxc8 24. Qc2 Na7 25. Nb2 Qb8 26. Ba6 g4 27. Kh1 Bh6 28. Bg1 Nh5 29. fxg4 Rxg4 30. Be2 Rh4 31. Bf2 Ng3+ 32. Kg1 Nxf1 33. Bxh4 Ne3 34. Qc3 Qg8 35. g3 Qf7 36. Nd1 f3 37. Nxe3 fxe2 38. Nf5 Nb5 39. Qe1 Nd4 40. Nxd4 Be3+ 41. Kg2 Bxd4 42. Qxe2 Bc3 43. b5 Bd4 44. Qf3 Kg8 45. Qxf7+ Kxf7 46. g4 Kg6 47. Bf2 Bc5 48. Kf3 Kf7 49. Bg3 Kg6 50. Bh4 Ba3 51. Bf2 Bc5 52. Bxc5 dxc5 53. h4 Kf6 54. Ke3 Ke7 55. Kd3 Kd6 56. g5 Ke7 57. Kc4 Kd7 58. h5 Ke7 59. g6 hxg6 60. hxg6 Kf6 1-0

[Event "Scarborough CC Howard Ridout U1800"]
[Site "Toronto CAN"]
[Date "2011.10.27"]
[Round "6"]
[White "Wu, Mark"]
[Black "Dattani, Dinesh"]
[Result "0-1"]
[WhiteElo "977"]
[BlackElo "1289"]
[PlyCount "42"]
[GameId "2160767909648779"]
[EventDate "2011.09.08"]
[EventType "swiss"]
[EventRounds "6"]
[EventCountry "CAN"]
[SourceTitle "EXT 2022"]
[Source "ChessBase"]
[SourceDate "2021.10.06"]
[SourceVersion "1"]
[SourceVersionDate "2021.10.06"]
[SourceQuality "1"]

1. e4 e5 2. Nf3 d6 3. h3 Be7 4. Nc3 Nf6 5. d4 exd4 6. Qxd4 Nc6 7. Bb5 Bd7 8. Bxc6 Bxc6 9. O-O O-O 10. e5 Bxf3 11. gxf3 dxe5 12. Qxe5 Bd6 13. Qg5 Re8 14. Qg2 Re6 15. Bh6 Ne8 16. Bg5 Qd7 17. Rfe1 Rg6 18. h4 h6 19. h5 Rxg5 20. Nd5 Rxg2+ 21. Kxg2 Qf5 0-1

[Event "Scarborough CC Howard Ridout U1800"]
[Site "Toronto CAN"]
[Date "2011.10.27"]
[Round "6"]
[White "Zhao, Harry"]
[Black "Zhang, Taylor"]
[Result "0-1"]
[WhiteElo "1358"]
[BlackElo "1164"]
[PlyCount "120"]
[GameId "2160767909648780"]
[EventDate "2011.09.08"]
[EventType "swiss"]
[EventRounds "6"]
[EventCountry "CAN"]
[SourceTitle "EXT 2022"]
[Source "ChessBase"]
[SourceDate "2021.10.06"]
[SourceVersion "1"]
[SourceVersionDate "2021.10.06"]
[SourceQuality "1"]

1. e4 e5 2. Nf3 Nc6 3. Bc4 Be7 4. O-O Nf6 5. d3 d6 6. h3 h6 7. Be3 O-O 8. Nc3 Be6 9. Bb3 d5 10. exd5 Nxd5 11. Nxd5 Bxd5 12. Re1 Be6 13. Bxe6 fxe6 14. c3 Qd7 15. d4 exd4 16. Nxd4 e5 17. Nf3 Qf5 18. Qd5+ Kh8 19. Qb5 Rab8 20. Rad1 a6 21. Qe2 e4 22. Nd4 Nxd4 23. Bxd4 Bd6 24. Qxe4 Qg5 25. Qc2 Rf3 26. Be3 Rxe3 27. Rxe3 Bc5 28. Rg3 Qxg3 29. Qf5 Bb6 30. Rd3 Qg5 31. Qxg5 hxg5 32. Rd5 Rf8 33. Rxg5 Rxf2 34. Kh1 Rxb2 35. Rd5 Rxa2 36. Rd8+ Kh7 37. Rb8 Rc2 38. Rxb7 Rxc3 39. Rb8 a5 40. Ra8 Rc1+ 41. Kh2 Ra1 42. Kg3 Kg6 43. Ra6 Kg5 44. Ra8 a4 45. Ra6 a3 46. Ra4 g6 47. Rg4+ Kf6 48. Ra4 a2 49. Kh2 Ke5 50. Kg3 Bd4 51. Kg4 Kf6 52. Ra5 c5 53. Ra4 c4 54. h4 c3 55. Rxd4 Rf1 56. Rf4+ Rxf4+ 57. Kxf4 c2 58. g4 c1=Q+ 59. Ke4 a1=Q 60. g5+ Ke6 0-1

[Event "Scarborough CC Jack Frost"]
[Site "Toronto CAN"]
[Date "2011.01.06"]
[Round "1"]
[White "Abrahams, Daniel"]
[Black "Wiebe, Daniel"]
[Result "1/2-1/2"]
[WhiteElo "2164"]
[BlackElo "1926"]
[PlyCount "72"]
[GameId "2160767909821309"]
[EventDate "2011.01.06"]
[EventType "swiss"]
[EventRounds "7"]
[EventCountry "CAN"]

1. e4 c5 2. Nf3 d6 3. d4 cxd4 4. Nxd4 Nf6 5. Nc3 a6 6. Be2 e6 7. O-O Be7 8. a4 Nc6 9. Be3 O-O 10. Nb3 b6 11. f4 Bb7 12. Bf3 Qc7 13. Qe1 Nb4 14. Qf2 Nd7 15. Nc1 Bf6 16. Qd2 Nc5 17. Ra3 Rfd8 18. Nd3 Nbxd3 19. cxd3 d5 20. exd5 exd5 21. Bf2 Ne4 22. Qc2 Nxf2 23. Qxf2 Qxf4 24. Kh1 Bd4 25. Qe2 Re8 26. Qd1 Be5 27. g3 Qh6 28. Kg2 Bc8 29. Re1 Bh3+ 30. Kg1 Bd4+ 31. Kh1 Bf2 32. Re2 Rxe2 33. Qxe2 Qc1+ 34. Nd1 Bc5 35. Rc3 Qg5 36. Rc2 Bd7 1/2-1/2

[Event "Scarborough CC Jack Frost"]
[Site "Toronto CAN"]
[Date "2011.01.06"]
[Round "1"]
[White "Ferreira, Alex"]
[Black "Bellissimo, Joseph"]
[Result "1-0"]
[WhiteElo "2084"]
[BlackElo "1918"]
[PlyCount "147"]
[GameId "2160767909821310"]
[EventDate "2011.01.06"]
[EventType "swiss"]
[EventRounds "7"]
[EventCountry "CAN"]

1. d4 Nf6 2. Bg5 e6 3. e4 h6 4. Bxf6 Qxf6 5. Nf3 d5 6. e5 Qd8 7. c3 c5 8. Nbd2 Qb6 9. Qb3 Qxb3 10. Nxb3 b6 11. a4 Ba6 12. a5 Bxf1 13. Rxf1 Na6 14. Nbd2 c4 15. Ke2 Be7 16. b4 b5 17. Ng1 O-O 18. f4 f5 19. exf6 Bxf6 20. Ndf3 Rae8 21. Nh3 Nc7 22. Nf2 a6 23. Ng4 Re7 24. Nfe5 Bxe5 25. Nxe5 Kh7 26. Rf3 Ne8 27. Kd2 Nd6 28. Raf1 Ne4+ 29. Kc2 g6 30. h4 Rf6 31. g4 h5 32. g5 Rf8 33. Re3 Kg7 34. Rxe4 dxe4 35. Kd2 Rf5 36. Ke3 Re8 37. Kxe4 Rd8 38. Ke3 Rd6 39. Nf3 Rdd5 40. Re1 Rd6 41. Nd2 Rf7 42. Ne4 Rc6 43. Re2 Rf8 44. Nc5 Re8 45. Ke4 Re7 46. Ke5 Kf7 47. Ne4 Rd7 48. Nf6 Re7 49. Rd2 Rc8 50. Ne4 Rd8 51. Nf6 Kg7 52. Ke4 Kf7 53. Kf3 e5 54. d5 exf4 55. Ne4 Re5 56. d6 Rde8 57. d7 Rxe4 58. dxe8=Q+ Rxe8 59. Rd7+ Re7 60. Rd6 Re6 61. Rb6 Re3+ 62. Kxf4 Rxc3 63. Rf6+ Kg7 64. Rxa6 Ra3 65. Ra7+ Kg8 66. Ke5 Rf3 67. Rc7 Kf8 68. a6 Ra3 69. a7 Re3+ 70. Kf6 Re8 71. Rb7 c3 72. Rb8 c2 73. a8=Q c1=Q 74. Rxe8# 1-0

[Event "Scarborough CC Jack Frost"]
[Site "Toronto CAN"]
[Date "2011.01.06"]
[Round "1"]
[White "Guo, Joshua"]
[Black "Al Ganabi, Haqi"]
[Result "1-0"]
[WhiteElo "2225"]
[BlackElo "1972"]
[PlyCount "70"]
[GameId "2160767909821311"]
[EventDate "2011.01.06"]
[EventType "swiss"]
[EventRounds "7"]
[EventCountry "CAN"]

1. e4 e6 2. d4 d5 3. Nd2 Nf6 4. e5 Nfd7 5. Bd3 c5 6. c3 Nc6 7. Ngf3 cxd4 8. cxd4 Be7 9. O-O f5 10. exf6 Nxf6 11. Ne5 O-O 12. Ndf3 Qb6 13. b3 a5 14. Bg5 Kh8 15. Rc1 Ba3 16. Rb1 Nb4 17. Bc1 Bxc1 18. Rxc1 Nxa2 19. Rc5 Nb4 20. Bb1 Qd8 21. Ng5 Kg8 22. Nxh7 Nxh7 23. Bxh7+ Kxh7 24. Qh5+ Kg8 25. Ng6 Nc6 26. Rxc6 bxc6 27. Qh8+ Kf7 28. Ne5+ Ke8 29. Qh5+ Ke7 30. Nxc6+ Kd7 31. Nxd8 Kxd8 32. Qg5+ Ke8 33. Qxg7 Rf7 34. Qg8+ Ke7 35. Rc1 Rf8 1-0

[Event "Scarborough CC Jack Frost"]
[Site "Toronto CAN"]
[Date "2011.01.06"]
[Round "1"]
[White "Krupka, David"]
[Black "Peng, Bill"]
[Result "1-0"]
[WhiteElo "1981"]
[BlackElo "2230"]
[PlyCount "47"]
[GameId "2160767909821312"]
[EventDate "2011.01.06"]
[EventType "swiss"]
[EventRounds "7"]
[EventCountry "CAN"]

1. d4 Nf6 2. c4 c5 3. e3 e6 4. Nf3 d5 5. Nc3 Nc6 6. a3 Be7 7. Bd3 O-O 8. O-O a6 9. b3 Kh8 10. Bc2 Qc7 11. Qd3 dxc4 12. bxc4 g6 13. Bb2 Rd8 14. d5 Kg8 15. Ne4 Nxe4 16. Qxe4 exd5 17. cxd5 Bf5 18. Qc4 Bxc2 19. dxc6 Bf5 20. e4 Bg4 21. Qc3 f6 22. e5 Bxf3 23. exf6 Be2 24. fxe7 1-0